Top 20 Busiest Airports - Statistics

General Stats
  • This quiz has been taken 53 times
  • The average score is 15 of 20
Answer Stats
Airport City Passengers % Correct
Heathrow Airport London 79.1 M
100%
JFK International Airport New York City 62.4 M
100%
Charles de Gaulle Airport Paris 67.4 M
100%
L... A...International Airport Los Angeles 75 M
98%
D... Fort WorthInternational Airport Dallas 81.7 M
96%
Hartsfield-JacksonInternational Airport Atlanta 104.6 M
94%
O'Hare InternationalAirport Chicago 73.8 M
94%
Haneda Airport Tokyo 78.7 M
94%
Indira GandhiInternational Airport New Delhi 72.2 M
92%
D... International Airport Dubai 86.9 M
86%
Adolfo Suárez Airport Madrid 60.1 M
78%
Schiphol Airport Amsterdam 61.8 M
76%
D... International Airport Denver 77.8 M
69%
Changi Airport Singapore 58.9 M
67%
F... Airport Frankfurt 59.3 M
65%
I... Airport İstanbul 76 M
63%
S... I... International Airport Seoul 56.2 M
53%
O... International Airport Orlando 57.7 M
51%
Harry Reid InternationalAirport Las Vegas 57.6 M
39%
Baiyun International Airport Guangzhou 63.1 M
35%
No matching quizzes found
Score Distribution
Percent of People with Each Score
Percentile by Number Answered
Your Score History
You have not taken this quiz